zpět

Detail výsledku týmu

Pórajt pub, Plzeň

Datum a čas kvízu

21 Celkem bodů Celkový počet nahraných bodů na tomto kvízu bez doplňovacích otázek.
7. Pořadí na kvízu Konečné umístění týmu na tomto kvízu.

Zaznamenané odpovědi

# Otázka Odpověď Body Výsledky
1. V pátek obdržel jeden muž res... Petr Kellner 0
2. Minulý týden vyhlásil první st... Dánsko 0
3. Pamatujete si ještě na šílenst... Jiřina Bohdalová 1
4. V jednom českém městě začal v... Litoměřice 0
5. Obě senzační finalistky ženské... Emma Raducanu, Leylah Fernandez 0
6. V tomto tématu se vypravíme na... Tuaregové/Touaregové 0
7. Na obrázku je hlodavec žijící... pískomil 0
8. Pouští a pralesem je dobrodruž... Henryk Sienkiewicz 0
9. Rozsáhlá pouštní oblast rozklá... Čivavská poušť (Chihuahuan Desert) 0
10. Adénium ztloustlé je sukulent... pouštní růže 0